| LEADER | 01179nam a2200229 u 4500 | ||
|---|---|---|---|
| 001 | 10117741 | ||
| 003 | GR-PaULI | ||
| 005 | 20210117205600.0 | ||
| 008 | 151001s2013 gr gre | ||
| 952 | |0 0 |1 0 |4 0 |6 170_000000000000000_ΔΡΑ |7 0 |9 184707 |a PHIL |b PHIL |d 2016-04-24 |i 10711 |l 3 |m 3 |o 170 ΔΡΑ |p 025000186620 |r 2024-07-16 00:00:00 |s 2024-03-14 |t 1 |v 2016.00 |w 2016-04-24 |y BK15 | ||
| 952 | |0 0 |1 0 |2 ddc |4 0 |6 170_000000000000000_ΔΡΑ |7 0 |9 239874 |a LISP |b LISP |c BSC |d 2020-03-04 |e ΜΙΧ |i 142446 |l 0 |o 170 ΔΡΑ |p 025000267542 |r 2020-03-04 00:00:00 |t 2 |v 2020.00 |w 2020-03-04 |y BK15 | ||
| 999 | |c 113815 |d 113815 | ||
| 020 | |a 9789605050726 | ||
| 040 | |a GR-PaULI |c GR-PaULI |b gre |e AACR2 | ||
| 082 | 0 | 4 | |a 170 |2 23 |
| 100 | 1 | |a Δραγούμης, Φίλιππος |4 |9 146454 |e συγγραφέας. | |
| 245 | 1 | 2 | |a Η ηθική πίσω από την κρίση : |b σκέψεις για την ηθική φιλοσοφία εν μέσω οικονομικής κρίσης / |c Φίλιππος Δραγούμης. |
| 260 | |a Αθήνα : |b Άγρα, |c 2013. | ||
| 300 | |a 322 σ. ; |c 21 εκ. | ||
| 650 | 4 | |a Ηθική |x Φιλοσοφία |9 762 | |
| 942 | |2 ddc |c BK15 | ||
| 998 | |c ΚΑΝΕΛΛΟΠΟΥΛΟΥ |d 2015-10 | ||